Quizzes
Events
Quiz Creation
Community
Videos
Private Events
Remove Ads
Sign In
Join for FREE
Feedback
Dark Mode
Quiz Categories
Sports
Geography
Music
Movies
Television
Just For Fun
Miscellaneous
History
Literature
Language
Science
Gaming
Entertainment
Religion
Holiday
For Kids
Quiz Lab
Recent
Popular Today
Quiz Kudos Today
Editor Picks
Curator Picks
Quizzes by...
Day
Popularity
Type
Ratings
Length
Year
Community
Subscriptions
Recent Discussions
Orange Saloon
Badges
Playlists
Quests
Create
Leaderboards
Showdown
Live 5
Trivia Bingo
Activity
Puzzle Library
Sporcle Events
Private Events
Virtual Trivia
Globe League
Become a Host
Pub Owners
SporcleCon
Opinionation
Our Games
Videos
Blog
Mobile Apps
Partnerships
Remove Ads and Go Orange
Feedback
Sports
Athletes
MLB
NBA
NHL
NFL
Soccer
Sports Teams
WWE
NCAA
Football
Premier League
Basketball
Baseball
Hockey
Golf
Tennis
Cricket
Rugby
Auto Racing
Olympics
World Cup
Sports
Athletes
MLB
NBA
NHL
NFL
Soccer
Sports Teams
WWE
NCAA
Football
Premier League
Basketball
Baseball
Hockey
Golf
Tennis
Cricket
Rugby
Auto Racing
Olympics
World Cup
Random Quiz
Search Sporcle
×
Quiz Lab
Quiz Lab
Sports
Soccer
Type in answers that appear in a list
Type in answers that appear in a list
Classic
Best Score? Go Orange.
Les capitaines du RC Strasbourg depuis 1934 Stats
Retrouvez les capitaines du RC Strasbourg depuis 1934
By
MrVintage
15m
83 Questions
246 Plays
246 Plays
246 Plays
Comments
Comments
Give Quiz Kudos
Give Quiz Kudos
-
- Ratings
hide this ad
Replay
Link that replays current quiz
Next Quiz
Link to next quiz in quiz playlist
You Got
0%
They Got
Avg Score
55%
Avg Friend Score
Upgrade to see
Score Distribution
Jump to the score distribution portion of the page
Score
0/83
Timer
15:00
0
Plays Today
Saison
Joueur
% Correct
2018/
19
Stefan Mitrovic
93.1%
2019/
20
Stefan Mitrovic
93.1%
2005/
06
Mickaël Pagis puis Guillaume Lacour
86.2%
1998/
99
Corentin Martins
85%
2000/
01
Corentin Martins
85%
2001/
02
Corentin Martins
85%
1994/
95
Frank Leboeuf
84.6%
1995/
96
Frank Leboeuf
84.6%
2006/
07
Yacine Abdessadki puis Guillaume Lacour
83.3%
2008/
09
Grégory Paisley puis Guillaume Lacour
82.9%
2009/
10
Guillaume Lacour
82.9%
1999/
00
Teddy Bertin
78%
1934/
35
Frédéric Keller
74.8%
1980/
81
Dominique Dropsy
74.4%
1981/
82
Dominique Dropsy
74.4%
1982/
83
Dominique Dropsy
74.4%
1983/
84
Dominique Dropsy
74.4%
2014/
15
Ernest Seka
72.8%
2015/
16
Ernest Seka
72.8%
2016/
17
Ernest Seka
72.8%
1974/
75
Gilbert Gress
72.4%
1987/
88
Léonard Specht
72.4%
1988/
89
Léonard Specht
72.4%
2010/
11
Milovan Sikimic
69.1%
2013/
14
Milovan Sikimic
69.1%
1991/
92
Didier Monczuk puis Yvon Pouliquen
68.3%
1976/
77
Jacky Duguépéroux
67.5%
1977/
78
Jacky Duguépéroux
67.5%
Saison
Joueur
% Correct
1978/
79
Jacky Duguépéroux
67.5%
1992/
93
Yvon Pouliquen
67.5%
1993/
94
Yvon Pouliquen
67.5%
2017/
18
Kader Mangane
66.7%
1961/
62
Robert Jonquet puis René Hauss
66.3%
1956/
57
René Hauss
65.9%
1957/
58
René Hauss
65.9%
1962/
63
René Hauss
65.9%
1963/
64
René Hauss
65.9%
1964/
65
René Hauss
65.9%
1965/
66
René Hauss
65.9%
1966/
67
René Hauss
65.9%
1990/
91
Vincent Cobos
61.4%
1996/
97
Gérald Baticle
60.6%
1997/
98
Gérald Baticle
60.6%
2002/
03
Valérien Ismaël
60.2%
2020/
21
Stefan Mitrovic
60%
2004/
05
Cédric Kanté
58.9%
2011/
12
Ludovic Golliard
57.3%
2012/
13
Ludovic Golliard
57.3%
1945/
46
Oscar Heisserer
53.3%
1946/
47
Oscar Heisserer
53.3%
1947/
48
Oscar Heisserer
53.3%
1972/
73
Gérard Hausser
50%
1973/
74
Gérard Hausser
50%
1979/
80
Jacky Novi
50%
1971/
72
Ivica Osim
48.8%
2003/
04
Christian Bassila
47.2%
Saison
Joueur
% Correct
2007/
08
Rodrigo
46.7%
1960/
61
Robert Jonquet
45.9%
1985/
86
Rémy Vogel
43.5%
1986/
87
Rémy Vogel
43.5%
1951/
52
Edmond Haan
43.1%
1952/
53
Edmond Haan
43.1%
1954/
55
Edmond Haan
43.1%
1959/
60
Edmond Haan
43.1%
1984/
85
Carsten Nielsen
42.3%
1967/
68
Ramon Muller
41.9%
1989/
90
Wolfgang Rolff
41.1%
2021/
22
Dimitri Liénard
40%
2022/
23
Dimitri Liénard
40%
1969/
70
Johnny Schuth
39.4%
1970/
71
Johnny Schuth
39.4%
1955/
56
Raymond Kaelbel
35.8%
1975/
76
Giora Spiegel
30.1%
1953/
54
Georges Sesia
26.4%
1936/
37
Lucien Halter
24.4%
1937/
38
Lucien Halter
24.4%
1968/
69
Roland Merschel
22.8%
1958/
59
Stephan Brzeniak
21.5%
1950/
51
Michel Wawrzyniak
20.3%
1948/
49
Segundo Pascual
19.9%
1938/
39
Henri Roessler
19.5%
1949/
50
Frédéric Woehl
19.5%
1935/
36
Emile Scharwath
17.1%
Quiz Playlist
Details
Report
Send in Message
Add To Playlist
Classic:
Type in answers that appear in a list
Last Updated: Feb 25, 2023
Quiz Scoreboard
CHALLENGE
Sign Up to Join the Scoreboard
Show All
Scores
Hide
Comments
May contain spoilers
Recently Published
9x9 Crossword: Cartoon Network
by jackfrog10
Miscellaneous
3m
College Basketball Coaching Resumes
by pancakes188
Sports
9m
Billboard Blitz: Fleetwood Mac
by CooCooCachoo
Music
15s
More to Explore
Quiz From the Vault
Featured Blog Post
Where Did the Easter Bunny Come From?
hide this ad
You Might Also Like...
Tags
Football Quiz
Soccer Quiz
1934
France
French Football
Ligue 1
saison
Team Captains
Today's Top Quizzes in Sports
Browse Sports
hide this ad
Today's Top Quizzes in Soccer
Browse Soccer
Top Contributed Quizzes in Sports
1
2022 World Cup Stars
2
Les meilleurs buteurs des matchs entre le PSG et l’OM
3
FIFA Club World Cup Champions
4
Les entraîneurs de l'OM et du PSG au 21e siècle
5
Criteria MLB: Left Handed Sluggers
6
AFC Teams Reveal (Wrong Answers Minefield)
7
2023 MLB Unique Player Accomplishments
8
5-to-1: FBS Animal Nicknames
9
Players with Multiple 50 Home Run Seasons
10
5-to-1: UK Sports Teams
Explore More
Trending Topics
Crossword
Anime
Kpop
Marvel
NBA
Disney
Harry Potter
Country
NFL
The Office
Soccer
WWE
Song
Puzzle
Pokémon
hide this ad
More By:
MrVintage
Quiz
Plays
Rating
Category
Featured
Created
Français en Formule 1 : top résultat en GP par saison
1,652
5.00
Sports
Aug 2, 2021
Meilleur buteur en Equipe de France par lettre (A-Z)
1,472
5.00
Sports
Dec 18, 2021
Top 100 French international players by France Football
1,292
3.86
Sports
May 22, 2018
Ballon d'Or 30 nominees (2016-2022)
1,289
5.00
Sports
Sep 21, 2022
Joueurs champions de France avec 2 clubs différents
1,196
5.00
Sports
Jan 24, 2021
Go to Creator's Profile
Score Distribution
Quiz Creator Spotlight
MrVintage
Follow
Send a Message
Quizzes Created
-
Created Quiz Play Count
-
More By This Creator
Popular Quizzes Today
1
Find the US States - No Outlines Minefield
2
Find the Countries of Europe - No Outlines Minefield
3
The Countries of the World
4
Find the US States
5
Risky Map Clicking: Biggest States A-Z
6
US States
7
Popular People in 1961
8
Movies - When Are They Set?
More Sports Quizzes
Multiple NFL MVPs (Redux)
Published
Trending Quizzes
Risky Map Clicking: Least Populous States A-Z
1-10 Letter G Words
1-10 Letter F Words
Risky Map Clicking: Next State Alphabetically
Adjectives in 80s TV Shows
Recently Updated
Leaping Animals
pecheneg
Reality TV Shows (A-Z)
bhenderson79
Rickey Henderson's Hall of Fame Teammates
pecheneg
Champions League XIs: Arsenal
pecheneg
Quick Pick: Celebrities in WWE's Hall of Fame
aduchscher
A-Z Keypad Blitz II
pecheneg
Multiple Oscar Actors
pecheneg
Mystery Phrase Blitz: Oscar 'Best Actors'
pecheneg
F. Scott Fitzgerald Novels
LTH
Pick 3 Villains
ddd62291
Trending Topics
Anime
Disney
NBA
Harry Potter
Marvel
Kpop
Crossword
WWE
Song
Country
Pokémon
Soccer
The Office
Puzzle
NFL
Your Account Isn't Verified!
In order to create a playlist on Sporcle, you need to verify the email address you used during registration. Go to your
Sporcle Settings
to finish the process.
Report this User
Report this user for behavior that violates our
Community Guidelines
.
Details:
Send Report
Go to the Sporcle.com Mobile Site →
Comments